000 00345nam a22001337a 4500
005 20250718130016.0
008 250718b |||||||| |||| 00| 0 eng d
050 _aBS2675
_b.5 PAL
100 _aPALAU LUIS
245 _aTIME TO STOP PRETENDING
260 _aENGLAND
_bSCRIPTURE PRESS FOUNDATION LTD
_cc1985
300 _a154p
942 _2lcc
_cBK
_n0
999 _c7049
_d7049